000 00368nam a22001577a 4500
005 20260126195309.0
008 260126b |||||||| |||| 00| 0 eng d
020 _a9780399159305
050 _aPS 3569S262013
100 _aSANDFORD JOHN
245 _aSTORM FRONT
260 _aNEW YORK
_bPUTNAM
_c2013
300 _a346P.
650 _a READING
942 _2lcc
_cBK
999 _c216493
_d216493